00801nam a2200181 a 450000100100000000500170001000800410002704000250006810000350009324501780012826000820030630000200038870000360040870000440044404900090048895201050049799900170060200003165320200930063059.0110629s1978 dr 000 0 spa d aDO-SdBNPbspacBNPHU1 aGómez Jorge, Salvador95795010aConceptos generales sobre credito agropecuario y condiciones crediticias institucionales /cSalvador Gómez Jorge, Tulio Familia Calcaño, Nelsón Rodríguez Martínez. aSantiago, República Dominicana :bProyecto de Riego Yaque del Norte,c1978. a39 p. ;c22 cm.1 aFamilia Calcaño, Tulio9579511 aRodríguez Martínez, Nelsón921553 aBNPD 0010718PDaPDbPDcCTd2011-06-29iLF1l0o p31653-10r2020-06-25w2020-06-25yLFPDZNo se presta c31145d31145